00438nam a2200157Ia 450000500170000000800410001708200130005810000170007124500140008826000320010230000130013465000180014794200060016595200940017199900150026520241220035537.0240331s9999 xx 000 0 und d bWIJa823 aWijenaike, P 4aThe Rebel aColombobWesley Pressc1979 a155 p ., aShort Stories cL 001040708LaWERCLbWERCLcSSCd2024-03-31l0o 823 WIJp112r2024-03-31w2024-03-31yL c3325d3325